Statistics for Guess the smallest countries in 1 minute

Click here to take the quiz!

General Stats

  • This quiz has been taken 21 times
  • The average score is 5 of 8

Answer Stats

HintAnswer% Correct
0,49km2Vatican City
100%
2km2Monaco
76%
160km2Liechtenstein
71%
60km2San Marino
71%
20km2nauru
65%
260km2Saint kitts and nevis
35%
30km2Tuvalu
35%
180km2Marshall islands
18%

Score Distribution

Percentile by Number Answered

Percent of People with Each Score

Your Score History

You have not taken this quiz